<?xml version="1.0" encoding="UTF-8"?>
<record
    xmlns:xsi="http://www.w3.org/2001/XMLSchema-instance"
    xsi:schemaLocation="http://www.loc.gov/MARC21/slim http://www.loc.gov/standards/marcxml/schema/MARC21slim.xsd"
    xmlns="http://www.loc.gov/MARC21/slim">

  <leader>00609nam a2200181   4500</leader>
  <datafield tag="010" ind1=" " ind2=" ">
    <subfield code="a">ENG-139614</subfield>
  </datafield>
  <datafield tag="020" ind1=" " ind2=" ">
    <subfield code="a">9789386392732</subfield>
    <subfield code="c">1050.00</subfield>
  </datafield>
  <datafield tag="035" ind1=" " ind2=" ">
    <subfield code="a">EN-123146</subfield>
  </datafield>
  <datafield tag="037" ind1=" " ind2=" ">
    <subfield code="b">DBAD/PUB</subfield>
  </datafield>
  <datafield tag="082" ind1=" " ind2=" ">
    <subfield code="a">230.1</subfield>
  </datafield>
  <datafield tag="100" ind1=" " ind2=" ">
    <subfield code="a">Mcgrath, Kevin</subfield>
    <subfield code="9">63087</subfield>
  </datafield>
  <datafield tag="245" ind1=" " ind2=" ">
    <subfield code="a">Raja Yudhisthira:</subfield>
    <subfield code="b">Kingship in Epic Mahabharta</subfield>
    <subfield code="c">By Kevin McGrath ; Foreword by Gregory Nagy</subfield>
  </datafield>
  <datafield tag="260" ind1=" " ind2=" ">
    <subfield code="a">Hyderabad</subfield>
    <subfield code="b">Orient Blackswan Pvt Ltd</subfield>
    <subfield code="c">2017</subfield>
  </datafield>
  <datafield tag="270" ind1=" " ind2=" ">
    <subfield code="a">3-6-752 Himayatnagar,</subfield>
    <subfield code="b">Hyderabad</subfield>
    <subfield code="e">500029</subfield>
    <subfield code="m">info@orientblackswan.com</subfield>
  </datafield>
  <datafield tag="300" ind1=" " ind2=" ">
    <subfield code="a">246p.</subfield>
    <subfield code="c">24cm(HB)</subfield>
  </datafield>
  <datafield tag="700" ind1=" " ind2=" ">
    <subfield code="a">Nagy, Gregory</subfield>
    <subfield code="9">63009</subfield>
  </datafield>
  <datafield tag="942" ind1=" " ind2=" ">
    <subfield code="2">ddc</subfield>
    <subfield code="c">EN</subfield>
    <subfield code="h">230.1</subfield>
    <subfield code="m">MCG</subfield>
  </datafield>
  <datafield tag="999" ind1=" " ind2=" ">
    <subfield code="c">201338</subfield>
    <subfield code="d">201338</subfield>
  </datafield>
  <datafield tag="952" ind1=" " ind2=" ">
    <subfield code="0">0</subfield>
    <subfield code="1">0</subfield>
    <subfield code="4">0</subfield>
    <subfield code="7">0</subfield>
    <subfield code="8">NFIC</subfield>
    <subfield code="a">L</subfield>
    <subfield code="b">L</subfield>
    <subfield code="d">2024-03-11</subfield>
    <subfield code="e">DBAD</subfield>
    <subfield code="g">1050.00</subfield>
    <subfield code="l">0</subfield>
    <subfield code="o">230.1 MCG</subfield>
    <subfield code="p">EN-123146</subfield>
    <subfield code="r">2024-03-11 00:00:00</subfield>
    <subfield code="t">1</subfield>
    <subfield code="v">1050.00</subfield>
    <subfield code="w">2024-03-11</subfield>
    <subfield code="y">EN</subfield>
  </datafield>
</record>
